000 00555nam a22002057a 4500
003 OSt
005 20240730150650.0
008 240730b |||||||| |||| 00| 0 eng d
020 _a9780521615211
040 _cMUST
082 _a660.65 NIC 2008
100 _aNicholl Desmond
_919035
245 _aAn Introduction to Genetic Engineering.
250 _a3rd
260 _aNew York
_bCambriidge University Press
_c2008
300 _axii,336p.
_bill.
_c25cm.
504 _aReferences, Glossary, index
650 _2Genetic Engineering
942 _2ddc
_cBOOK
999 _c9312
_d9312